| 000 | 00708nam a2200157Ia 4500 | ||
|---|---|---|---|
| 008 | 210716s2016 xx 000 0 und d | ||
| 020 | _a9781785885297 | ||
| 041 | _aeng | ||
| 082 | _a004.69 KHAR | ||
| 100 | _aKhan, Rashid; Ghoshdastidar, Kajari; Vasudevan, Ajith. | ||
| 245 |
_aLearning iot with particle photon and electron: develop applications on one of the most popular platforms for iot using particle photon and electron wiht this fast-paced guide. _bDevelop applications on one of the most popular platforms for iot using particle photon and electron wiht this fast-paced guide. |
||
| 250 | _a1 | ||
| 260 |
_aMumbai _bPackt Publishing Ltd _c2016 |
||
| 300 | _a124 | ||
| 650 | _aInternet / Mutimedia | ||
| 999 |
_c196819 _d196819 |
||